000 01717aam a2200361 i 4500
001 768714001
003 CO-MdFUSB
005 20220623062548.0
007 ta
008 211006t1995 ck |||| |||| 00| 0 spa d
020 _a9581900209
040 _bspa.
_aCO-MdFUSB
_cCO-MdFUSB
_dCO-MdFUSBC
_erda
041 _aspa
082 0 4 _223
_a301.019
_b B5622
100 1 _aBetancur, Cayetano
_eautor
245 1 0 _aSociología de la autenticidad y la simulación
_c/ Cayetano Betancur
264 1 _aSanta Fé de Bogotá, Colombia :
_bColseguros,
_c[1995]
264 4 _c© 1995
300 _a252 páginas
_c; 23 cm
336 _2rdacontent
_atexto
_btxt
337 _2rdamedia
_asin mediación
_bn
338 _2rdacarrier
_avolumen
_bnc
490 _aBiblioteca de autores Colombianos, Colseguros
505 _aRecordando a un pensador ilustre. -- Prólogo. -- Sociología de la autenticidad y la simulación. -- Ser y autenticidad. -- Cultura y civilización. -- Comunidad y sociedad. -- Individuo y persona. -- Vida pública y vida privada. -- Hombre y mujer. -- Amor y estimación. -- Distinción y vulgaridad. -- Lo trágico y lo cómico. -- Saber y cultura. -- Selección y popularidad. -- Valor de la autenticidad y valor de la simulación. -- El momento presente. -- Espíritu y vida. -- Sociología de la virtudes y los vicios. -- Conquista y colonia. -- La voluntad y la gana. -- El alma bella y el imperativo categórico. -Religiosidad del temor y religiosidad del amor.
563 _aTapa dura
630 0 _aSociología
_92570
650 7 _972
_aPsicología social
650 7 _9186
_aÉtica social.
653 _aComportamiento humano
653 _aAutenticidad.
942 _cBK
945 _aJTF-925
999 _c44214
_d44214